|
|
|
|
| LEADER |
00000cam a2200000 a 4500 |
| 001 |
UCE3995 |
| 003 |
CL-VaPUC |
| 008 |
141003e20140000uy |||||||||||||||||spa|d |
| 020 |
|
|
|a 9789974708358
|
| 082 |
0 |
4 |
|a 345.82025
|b RES
|2 21
|
| 100 |
0 |
|
|a Reston, María Inés
|e author
|9 576544
|
| 245 |
1 |
4 |
|a Los delitos de infracción de deber: ¿es admisible un doble criterio de determinación de autoría?
|
| 250 |
|
|
|a 1a. ed
|
| 300 |
|
|
|a 195 p
|
| 942 |
|
|
|c BK
|
| 945 |
|
|
|d 20141003 14:18:00
|a arojas
|
| 260 |
|
|
|a Montevideo
|b B de F
|c 2014
|
| 650 |
|
0 |
|a Derecho penal argentino
|9 473868
|
| 650 |
|
0 |
|a Delitos
|9 224143
|
| 650 |
|
7 |
|a INFRACCIONES
|2 CL-VaPUC
|9 390160
|
| 650 |
|
0 |
|a Teoría del delito
|9 258906
|
| 651 |
|
0 |
|a Argentina
|9 254888
|
| 583 |
|
|
|a last modification
|c 20141003 14:18:00
|k Rodrigo Vera
|
| 999 |
|
|
|c 357088
|d 357086
|
| 952 |
|
|
|0 0
|1 0
|3 erb
|4 0
|6 345_820250000000000_RES_2014
|7 0
|8 A
|9 464904
|a BIBDER
|b BIBDER
|i 5117674
|l 3
|o 345.82025 RES 2014
|p 5117674
|r 2023-11-27
|s 2023-11-23
|w 2019-11-23
|y BK
|z Catalogado en:20141003
|k DER
|